أنس بن مالك : الخادم الأمين والمحب العظيم

Bibliographic Details
Main Author: طهماز، عبد الحميد (Author)
Format: Book
Language:Arabic
Published: Dimashq : Dar al-Qalam , 1992
Edition:الطبعة 5
Series:اعلام المسلمين 7
Subjects:

MARC

LEADER 00000cam a2200000 7i4500
001 0000075413
005 20121004093000.0
008 110717s1992 sy ara
050 0 0 |a BP80.A6   |b T34 1992 
090 0 0 |a BP80.A6   |b T34 1992 
100 1 |a طهماز، عبد الحميد ,   |e author 
241 1 0 |a Anas ibn Malik : al-khadim al-amin wa al-muhibb al-'azim 
245 1 0 |a أنس بن مالك :   |b الخادم الأمين والمحب العظيم   |c تأليف عبد الحميد طهماز 
250 |a الطبعة 5 
260 |a Dimashq :   |b Dar al-Qalam ,   |c 1992 
300 |a 181 p. ;   |c 24 cm. 
490 1 |a اعلام المسلمين   |v 7 
504 |a Includes bibliographical references (p. 175-177) 
600 1 0 |a Anas ibn Malik 
600 1 0 |a Muhammad ,   |c Prophet ,   |d d. 632   |x Companions 
650 0 |a Caliphs   |v Biography 
999 |a 1000141245   |b Book   |c OPEN SHELF (30 DAYS)   |e Gong Badak Campus